MARC

LEADER 00000nam0a2200000 4500
001 154442
005 20231101221751.0
010 |a 9780123694850 
035 |a (RuTPU)RU\TPU\book\167523 
090 |a 154442 
100 |a 20090226d2007 k y0engy50 ba 
101 0 |a eng 
102 |a US 
105 |a a z 001zy 
200 1 |a High-Performance Embedded Computing. Architectures, Applications, and Methodologies  |f W. Wolf 
210 |a Amsterdam  |c Elsevier  |d 2007 
215 |a 521 p.  |c il. 
320 |a Glossary: p. 433-466. 
320 |a References: p. 467-499. 
320 |a Index: p. 501-521. 
606 1 |a Вычислительные системы  |x Архитектура  |2 stltpush  |3 (RuTPU)RU\TPU\subj\4268  |9 32557 
610 1 |a вычислительная техника 
610 1 |a вычислительные комплексы 
610 1 |a архитектура 
610 1 |a программное обеспечение 
610 1 |a английский язык 
675 |a 681.324.01  |v 3 
700 1 |a Wolf  |b W.  |g Wayne 
801 1 |a RU  |b 63413507  |c 20090226  |g PSBO 
801 2 |a RU  |b 63413507  |c 20130910  |g PSBO 
942 |c BK